Freedom is not free (Record no. 86403)
[ view plain ]
| 000 -LEADER | |
|---|---|
| fixed length control field | 00516nam a2200205Ia 4500 |
| 005 - DATE AND TIME OF LATEST TRANSACTION | |
| control field | 20251113233500.0 |
| 008 - FIXED-LENGTH DATA ELEMENTS--GENERAL INFORMATION | |
| fixed length control field | 230125s9999 xx 000 0 und d |
| 020 ## - INTERNATIONAL STANDARD BOOK NUMBER | |
| International Standard Book Number | 1403-92273-X |
| 041 ## - LANGUAGE CODE | |
| Language code of text/sound track or separate title | eng |
| 082 ## - DEWEY DECIMAL CLASSIFICATION NUMBER | |
| Classification number | 158.1 |
| Item number | KHE |
| 100 ## - MAIN ENTRY--PERSONAL NAME | |
| Author | Khera S |
| 245 ## - TITLE STATEMENT | |
| Title | Freedom is not free |
| 260 ## - PUBLICATION, DISTRIBUTION, ETC. | |
| Date of publication, distribution, etc. | 2004 |
| Name of publisher, distributor, etc. | Macmillan publication |
| Place of publication, distribution, etc. | New Delhi |
| 300 ## - PHYSICAL DESCRIPTION | |
| Extent | 223p |
| 500 ## - GENERAL NOTE | |
| Keywords | Personality Development, |
| 650 ## - SUBJECT ADDED ENTRY--TOPICAL TERM | |
| Topical term or geographic name entry element | Personality Development |
| 700 ## - ADDED ENTRY--PERSONAL NAME | |
| Personal name | Khera S |
| 942 ## - ADDED ENTRY ELEMENTS (KOHA) | |
| Koha item type | Books |
| 906 ## - LOCAL DATA ELEMENT F, LDF (RLIN) | |
| b | 29 |
| Withdrawn status | Lost status | Damaged status | Not for loan | Home library | Current library | Date acquired | Vendor | Net Price | Bill number | Total Checkouts | Total Renewals | Full call number | Barcode | Date last seen | Date last checked out | Actual Price | Bill Date | Koha item type | Original Barcode |
|---|---|---|---|---|---|---|---|---|---|---|---|---|---|---|---|---|---|---|---|
| Smt. Hiraben Nanavati Institute of Management & Research for Women | Smt. Hiraben Nanavati Institute of Management & Research for Women | 24/03/2004 | Crossword | 295.00 | 72 | 1 | 2 | 158.1 KHE B03813 | HIMR-BK-3813 | 19/10/2023 | 27/09/2023 | 266.00 | 22/03/2004 | Books | B03813 | ||||
| Smt. Hiraben Nanavati Institute of Management & Research for Women | Smt. Hiraben Nanavati Institute of Management & Research for Women | 29/03/2004 | Pathfinder | 295.00 | 115 | 158.1 KHE B03868 | HIMR-BK-3868 | 25/01/2023 | 251.00 | 29/03/2004 | Books | B03868 |